[Event "Untergrombach-ch 35th"]
[Site "Untergrombach"]
[Date "2018.01.06"]
[Round "7"]
[White "Dushatskiy, Fedor"]
[Black "Herwig, Carsten"]
[Result "1-0"]
[WhiteElo "2174"]
[BlackElo "1914"]
[PlyCount "71"]
[EventDate "2018.01.02"]
[EventType "swiss"]
[EventRounds "7"]
[EventCountry "GER"]
[SourceTitle "CBM 182 Extra"]
[Source "ChessBase"]
[SourceDate "2018.02.23"]
[SourceVersion "1"]
[SourceVersionDate "2018.02.23"]
[SourceQuality "1"]

1. d4 d5 2. c4 e6 3. Nc3 Nf6 4. cxd5 exd5 5. Bg5 Be7 6. e3 0-0 7. Bd3 c6 8. Qc2 h6 9. Bh4 Nbd7 10. Nge2 Re8 11. f3 Nf8 12. 0-0 Qa5 13. Kh1 Ng4 14. Bf2 Nxf2+ 15. Rxf2 Bd6 16. e4 dxe4 17. fxe4 c5 18. Nb5 Be7 19. Raf1 a6 20. Nbc3 cxd4 21. Nxd4 Ne6 22. Nb3 Qh5 23. Rf5 Qg6 24. e5 Ng5 25. Rxf7 Qc6 26. R7f4 Bd7 27. Rc4 Qb6 28. Nd5 Qb5 29. Rc7 Qa4 30. Nb6 Qg4 31. Rxd7 Rac8 32. Rxe7 Rxe7 33. Qxc8+ Qxc8 34. Nxc8 Rxe5 35. Nb6 Re3 36. Rd1 1-0

[Event "Baden-ch U2000"]
[Site "Walldorf"]
[Date "2017.07.28"]
[Round "3"]
[White "Ivanov, Iliyan"]
[Black "Herwig, Carsten"]
[Result "1-0"]
[WhiteElo "1741"]
[BlackElo "1841"]
[PlyCount "119"]
[EventDate "2017.07.26"]
[EventType "swiss"]
[EventRounds "7"]
[EventCountry "GER"]
[SourceTitle "EXT 2018"]
[Source "ChessBase"]
[SourceDate "2017.10.13"]
[SourceVersion "1"]
[SourceVersionDate "2017.10.13"]
[SourceQuality "1"]

1. d4 d5 2. c4 e6 3. Nc3 Nf6 4. Bg5 Be7 5. e3 h6 6. Bxf6 Bxf6 7. Nf3 b6 8. cxd5 exd5 9. Qa4+ c6 10. Bd3 0-0 11. 0-0 a5 12. Rac1 Qd6 13. Bb1 Bg4 14. Qd1 Nd7 15. Bd3 Rac8 16. b3 Kh8 17. h3 Bh5 18. g4 Bg6 19. Bxg6 fxg6 20. Ne2 Bd8 21. Kg2 Bc7 22. Ng3 Bb8 23. Rc2 Rf6 24. e4 Qf4 25. Qd3 Rcf8 26. Rc3 dxe4 27. Nxe4 Re6 28. Ng3 Rfe8 29. Qc2 c5 30. d5 Rf6 31. Qd1 Bd6 32. a3 Ne5 33. Re1 Ref8 34. Re4 Nxf3 35. Rxf4 Rxf4 36. Rxf3 Rxf3 37. Qxf3 Rxf3 38. Kxf3 Bxg3 39. fxg3 Kg8 40. Ke4 Kf7 41. a4 Kf6 42. Kd3 Ke5 43. Kc4 g5 44. Kb5 Kxd5 45. Kxb6 c4 46. bxc4+ Kxc4 47. Kxa5 Kc5 48. Ka6 Kc6 49. a5 g6 50. h4 gxh4 51. gxh4 g5 52. h5 Kd5 53. Kb5 Ke4 54. a6 Kf4 55. a7 Kxg4 56. a8Q Kxh5 57. Qh1+ Kg6 58. Kc5 h5 59. Kd5 g4 60. Qh4 1-0

[Event "Baden-ch U12"]
[Site "Neuenbuerg/Enz"]
[Date "2008.01.05"]
[Round "5"]
[White "Herwig, Carsten"]
[Black "Mangusan, Robin"]
[Result "1-0"]
[WhiteElo "1106"]
[BlackElo "825"]
[PlyCount "115"]
[EventDate "2008.01.04"]
[EventType "swiss"]
[EventRounds "7"]
[EventCountry "GER"]
[SourceTitle "EXT 2009"]
[Source "ChessBase"]
[SourceDate "2008.11.26"]
[SourceVersion "1"]
[SourceVersionDate "2008.11.26"]
[SourceQuality "1"]

1. e4 e5 2. Nf3 Nc6 3. d4 exd4 4. Nxd4 Nxd4 5. Qxd4 Nf6 6. Bg5 Be7 7. Be2 d6 8. Nd2 c5 9. Qa4+ Bd7 10. Bb5 a6 11. Bxd7+ Nxd7 12. Bxe7 Qxe7 13. 0-0 b5 14. Qb3 c4 15. Qf3 Ne5 16. Qg3 a5 17. Qxg7 Ng6 18. b3 cxb3 19. axb3 a4 20. Rfe1 Qe5 21. Qxe5+ Nxe5 22. h3 Nc6 23. c3 b4 24. bxa4 bxc3 25. Nc4 Nd4 26. Red1 Ne2+ 27. Kf1 Nf4 28. Nxd6+ Kf8 29. Rdc1 Rg8 30. g3 Nxh3 31. Kg2 Ng5 32. Rxc3 h5 33. Rc8+ Rxc8 34. Nxc8 Kg7 35. Nd6 Rh8 36. a5 h4 37. gxh4 Rxh4 38. Nf5+ Kg6 39. Nxh4+ Kf6 40. a6 Ne6 41. a7 Nc7 42. a8Q Nxa8 43. Rxa8 Ke5 44. Ra7 f6 45. Rf7 Kxe4 46. Rxf6 Ke5 47. Rf3 Ke6 48. Rf5 Kd6 49. Kf3 Ke6 50. Ke4 Ke7 51. Ke5 Kd7 52. Rf6 Ke7 53. Ng6+ Kd7 54. Rf7+ Kd8 55. Re7 Kc8 56. Rh7 Kd8 57. Ke6 Ke8 58. Rh8# 1-0

[Event "Baden-ch U12"]
[Site "Neuenbuerg/Enz"]
[Date "2008.01.05"]
[Round "6"]
[White "Hinner, Robert"]
[Black "Herwig, Carsten"]
[Result "1/2-1/2"]
[WhiteElo "1027"]
[BlackElo "1106"]
[PlyCount "24"]
[EventDate "2008.01.04"]
[EventType "swiss"]
[EventRounds "7"]
[EventCountry "GER"]
[SourceTitle "EXT 2009"]
[Source "ChessBase"]
[SourceDate "2008.11.26"]
[SourceVersion "1"]
[SourceVersionDate "2008.11.26"]
[SourceQuality "1"]

1. e4 e6 2. d4 d5 3. exd5 exd5 4. h3 c5 5. c3 Nc6 6. Nf3 Qb6 7. Be2 Be7 8. b3 Nf6 9. Bg5 h6 10. Be3 Bf5 11. Nbd2 0-0 12. 0-0 Rfe8 1/2-1/2